"A" level economics question papers : (Record no. 2802)

MARC details
000 -LEADER
fixed length control field 00568nam a2200205 4500
001 - CONTROL NUMBER
control field 3460
005 - DATE AND TIME OF LATEST TRANSACTION
control field 20181127171237.0
010 00 - LIBRARY OF CONGRESS CONTROL NUMBER
LC control number
020 00 - INTERNATIONAL STANDARD BOOK NUMBER
International Standard Book Number
090 00 - LOCALLY ASSIGNED LC-TYPE CALL NUMBER (OCLC); LOCAL CALL NUMBER (RLIN)
Classification number (OCLC) (R) ; Classification number, CALL (RLIN) (NR) 330 G291L
100 00 - MAIN ENTRY--PERSONAL NAME
Personal name
245 00 - TITLE STATEMENT
Title "A" level economics question papers :
Remainder of title General Certificate of Education /
Statement of responsibility, etc. University of London Examinations and Assessment Council.
Medium
250 00 - EDITION STATEMENT
Edition statement
260 00 - PUBLICATION, DISTRIBUTION, ETC.
Place of publication, distribution, etc. [London, U.K.] :
Name of publisher, distributor, etc. University of London Examinations and Assessment Council,
Date of publication, distribution, etc. n.d.
300 00 - PHYSICAL DESCRIPTION
Extent var. ; ill. : 24 cm.
500 00 - GENERAL NOTE
General note
650 00 - SUBJECT ADDED ENTRY--TOPICAL TERM
Topical term or geographic name entry element
General subdivision
Topical term or geographic name entry element
General subdivision
Topical term or geographic name entry element Economics.
General subdivision
Holdings
Withdrawn status Lost status Source of classification or shelving scheme Damaged status Not for loan Collection code Home library Current library Shelving location Serial Enumeration / chronology Inventory number Total Checkouts Full call number Barcode Date last seen Date last checked out Price effective from Koha item type
    Dewey Decimal Classification     Main TEST RTC Library RTC Library Main opac 5946 1 330 GCE 30005484 21/03/2019 06/03/2019 27/11/2018 Main
Royal Thimphu College || All Right Reserved